000 00586nam a2200241 a 4500
001 nice12345678
003 IN_TiNIC
005 20260116013115.0
008 050524s1988 newa grp 000 0 eng
020 _a0671860
_c461.2
082 0 0 _a133
_bWEI
100 _aWeiss, Brian L
245 _aMany Lives, Many Masters.
260 _aNew York
_bWashington Square Press
_c1988
300 _a219p
500 _aincludes index and biblioraphy
505 2 _aIndex
650 _aParanormal
700 1 _aWeiss, Brian L
902 _bSRS
942 _cBK
999 _c9676
_d9676